|
|
|
|
| LEADER |
00773cam a2200205 a 4500 |
| 001 |
0000122044 |
| 005 |
20100404090000.0 |
| 008 |
871221t19731964onca 000 1 eng d |
| 040 |
|
|
|a mod
|
| 020 |
|
|
|a 0553205080 (pbk.) :
|
| 049 |
0 |
0 |
|a OSUU
|
| 090 |
0 |
0 |
|a E90.I8
|b K72 1973
|
| 100 |
1 |
|
|a Kroeber
|h Theodora.
|
| 245 |
1 |
0 |
|a Ishi, last of his tribe
|c By Theodore Kroeber ; text illus. by Ruth Robbins.
|
| 260 |
|
|
|a Toronto
|a New York
|b Bantam
|c 1973, c1964.
|
| 300 |
|
|
|a 213 p.
|b ill.
|c 18 cm.
|
| 600 |
0 |
0 |
|a Ishi,
|d d. 1916.
|
| 650 |
0 |
0 |
|a Yana Indians
|x Biography.
|
| 999 |
|
|
|a B000012176
|b PU Butterworth(TUDM BUTTERWORTH)
|d BOOKS
|e Umum
|f PU Butterworth
|j AVAILABLE
|q GOOD CONDITION
|
| 999 |
|
|
|a B000012647
|b PU Butterworth(TUDM BUTTERWORTH)
|d BOOKS
|e Umum
|f PU Butterworth
|j AVAILABLE
|q GOOD CONDITION
|